İçeriği atla
Inicio
Centros participantes
Catálogo
Servicios
Contacto
Giriş
English
Deutsch
Español
Français
Italiano
日本語
Nederlands
Português
Português (Brasil)
中文(简体)
中文(繁體)
Türkçe
עברית
Gaeilge
Cymraeg
Ελληνικά
Català
Euskara
Русский
Čeština
Suomi
Svenska
polski
Dansk
slovenščina
اللغة العربية
বাংলা
Galego
Tiếng Việt
Hrvatski
हिंदी
Հայերէն
Українська
Sámegiella
Dil
Tüm Alanlar
Materyal Adı
Yazar
Konu
Yer Numarası
ISBN/ISSN
Etiket
Ara
Gelişmiş
Acerca de la situación militar...
Alıntıla
E-posta Gönder
Yazdır
Kaydı İhraç Et
İhraç Et RefWorks
İhraç Et EndNoteWeb
İhraç Et EndNote
Favorilerime ekle
Kalıcı bağlantı
İlk derecelendirmeyi ekleyin
Acerca de la situación militar en El Salvador
Kaydedildi:
Detaylı Bibliyografya
Materyal Türü:
Metin
Baskı/Yayın Bilgisi:
s.l.:
s.e.
Etiketler:
Etiketle
Etiket eklenmemiş, İlk siz ekleyin!
Erişim Bilgileri
Diğer Bilgiler
Yorumlar
Benzer Materyaller
MARC Görünümü
MARC
LEADER
00000 a a2200000 04500
001
24853
003
040
|a
CRAI/IIS
|c
CRAI/IIS
090
|a
178700
245
|a
Acerca de la situación militar en El Salvador
260
|a
s.l.:
|b
s.e.
300
|a
29 p.
999
|c
8100
|d
8100
Benzer Materyaller
Cuadernos de Ciencias Sociales: el imperialismo, el tercer mundo y el mundo socialista
Yazar:: Jalee, Pierre
Estructura social de la población cubana en E.U. /
Yazar:: Valdés Paz, Juan
Quién es quién en la Administración Reagan
La iniciativa de la Cuenca del Caribe: contradicciones de una confrontación
Yazar:: Ramírez Guier, Gonzalo
Crisis, Estado y Política en Puerto Rico, hoy
Yazar:: González Díaz, Emilio